000 00841nam a22002297a 4500
003 URS
005 20230810095649.0
008 221024b |||||||| |||| 00| 0 eng d
100 _92706
_aBecera, Lenewin
_eauthor
245 _aStrategic cost management of restaurants in Pililla, Rizal
_cLenewin D. Becera, Maria Laiza R. Jimenez, Hydie Y. Mago
260 _c2021
300 _axiii, 69 leaves
_c28 cm.
336 _2rdacontent
_atext
337 _2rdamedia
_aunmediated
338 _2rdacarrier
_avolume
502 _aThesis
_bBachelor of Science in Accountancy
_cUniversity of Rizal System, Binangonan
_d2021
504 _aIncludes bibliographical references.
700 _92707
_aJimenez, Maria Laiza R.
_eauthor
700 _92708
_aMago, Hydie Y.
_eauthor
700 _aAldrin B. Boca, M.Ed.CDII Cand.
_eadviser
_92669
942 _2lcc
_cT
999 _c59187
_d59187